|
|
|
|
| LEADER |
00000nam0a2200000 4500 |
| 001 |
303027 |
| 005 |
20231102001549.0 |
| 035 |
|
|
|a (RuTPU)RU\TPU\book\328245
|
| 090 |
|
|
|a 303027
|
| 100 |
|
|
|a 20150828d1967 k y0rusy50 ca
|
| 101 |
0 |
|
|a rus
|
| 102 |
|
|
|a RU
|
| 105 |
|
|
|a a z 001zy
|
| 200 |
1 |
|
|a Автоматическое измерение составляющих комплексного сопротивления
|f В. Ю. Кнеллер
|
| 210 |
|
|
|a Москва
|a Ленинград
|c Энергия
|d 1967
|
| 215 |
|
|
|a 367 с.
|c ил.
|
| 320 |
|
|
|a Библиогр.: с. 354-364.
|
| 606 |
1 |
|
|a Сопротивления электрические
|x Измерение
|2 stltpush
|3 (RuTPU)RU\TPU\subj\55560
|9 73573
|
| 610 |
1 |
|
|a комплексные сопротивления
|
| 610 |
1 |
|
|a автоматические измерения
|
| 610 |
1 |
|
|a автоматические измерительные устройства
|
| 610 |
1 |
|
|a методы
|
| 610 |
1 |
|
|a измерительные цепи
|
| 610 |
1 |
|
|a автоматическое уравновешивание
|
| 610 |
1 |
|
|a сходимость
|
| 610 |
1 |
|
|a фазочувствительные устройства
|
| 610 |
1 |
|
|a автоматические мосты
|
| 675 |
|
|
|a 621.317.73
|v 3
|
| 700 |
|
1 |
|a Кнеллер
|b В. Ю.
|g Владимир Юрьевич
|
| 801 |
|
1 |
|a RU
|b 63413507
|c 20150828
|
| 801 |
|
2 |
|a RU
|b 63413507
|c 20210809
|g RCR
|
| 942 |
|
|
|c BK
|